000
00213nam a22000857a 4500
008
161108b xxu||||| |||| 00| 0 eng d
100
_a
bpi india
_9
1057
245
_a
charles the chameleon
260
_a
new delhi
_b
bpi
_c
2011
999
_c
3713
_d
3713